000 00462nab a2200145Ia 4500
003 ES-SlBCS
005 20210601125245.0
008 140529s1982 xxu||||| |||| 00| 0 eng d
041 _aeng
100 1 _aPavlovic, Karl Richard
_9156047
245 0 0 _aDeformalization, Sight, and Phenomenology
_c Karl Richard Pavlovic
650 0 4 _aDeformación
_9156048
773 0 _tPhilosophy and Phenomenological Research
_gvol. 43, 1982, págs. 239-252
_wRev1411
942 _cAR
999 _c527359
_d527359